Sports Quiz

Random Sports Quiz
Score 0/50 Timer 20:00
0 Plays Today
Questions Answer % Correct
Which city hosted the Olympic Games in 2012?London
93.4%
Which athlete set the world record for both 100m and 200m in 2009?Usain Bolt
91.8%
Which swimmer won 23 Olympic gold medals?Michael Phelps
91.8%
In auto racing, which colour signals the abortion of the race?Red
90.2%
Which famous skateboarder's name can you find in a Video Game franchise running for almost 20 years?Tony Hawk
90.2%
Striker Lionel Messi is of which nationality?Argentinian
83.6%
What NFL quarterback's nickname is G.O.A.T. - Greatest of All Time?Tom Brady
83.6%
Which tennis player holds the record for the most wins at the French Open.Rafa Nadal
80.3%
In which city is the hockey franchise 'Oilers' based?Edmonton
78.7%
What is the Alter Ego of actor Dwayne Johnson, being a famous performer of WWF/WWE?The Rock
78.7%
Which nation won the 2011 FIFA Women's World Cup in a thrilling final against the USA?Japan
72.1%
Which company produced the shoe models 'Vaporfly' and 'alphaFly' that made runners significantly faster?Nike
70.5%
Which former Chicago Bulls player became friends with Kim Jong-un?Dennis Rodman
68.9%
What football team was managed succesfully by Sir Alex Ferguson for more than two decades?Manchester United
65.6%
Which country became world champion in Rugby Union in 2019?South Africa
62.3%
What is the name of the golf competition between the USA and Europe that takes place every two years?Ryder Cup
62.3%
Which Colombian sung the official anthem of the 2010 World Cup in South Africa?Shakira
59%
Which martial art is to be included for the first time in Olympic Games in Tokyo?Karate
49.2%
Which Ukrainian brothers both were Boxing World Champions?Klitschko
47.5%
How many darts do you have to throw at least to finish a leg in a game of 501?Nine
47.5%
In which year was the English Premier League founded?1992
47.5%
How many times did Michael Schumacher become Formula 1 World Champion?Seven
45.9%
Which Croatian midfielder playing for Real Madrid, was considered one of the players of the 2018 FIFA World Cup?Luka Modric
45.9%
How do you call the famous Test cricket series between England and Australia?The Ashes
44.3%
Which swiss player became the youngest to win a tennis grand slam title? She was 16 years and 117 days old when winning her first grand slam title.Martina Hingis
44.3%
Questions Answer % Correct
What 1981 movie tells the story of Eric Liddell, a Scottish sprinter?Chariots of Fire
44.3%
Which NASCAR legend was killed at the final lap of the Daytona 500 in 2001?Dale Earnhardt
42.6%
The FIVB Volleyball World Grand Champions Cup was won by which country the most times? The men lifted five trophies, the women two.Brazil
39.3%
Being successful with the Golden State Warriors, which team originally picked Kevin Durant at #2 in the 2007 NBA draft?Seattle SuperSonics
39.3%
Which form of cricket is limited to a couple of hours by its restriction to a maximum of 20 overs?Twenty20
37.7%
Figure skating was created in which European country?Great Britain
34.4%
The hymn of the UEFA Champions League is based on the 'Messias' by which composer?Georg Friedrich Händel
34.4%
The events of the MMA promotion UFC are often presented by which 'famous voice'?Bruce Buffer
31.1%
Professional wrestler Brock Lesnar had a short stint at the NFL when he played a few pre-season games for which team in 2004?Minnesota Vikings
29.5%
Which Norwegian is reigning Chess World Champion?Magnus Carlsen
26.2%
What is the name of the most important annual cycling event in Spain?Vuelta
24.6%
Which European city hosted the 2020 edition of the UCI Track Cycling World Championship?Berlin
24.6%
Blackhawks - Penguins - ... - Capitals - Blues. Who is missing?Penguins
18%
Which race track in California is famous for its 'corkscrew'?Laguna Seca Raceway
18%
The most amazing final saw which Australian short track speed skater win the 2002 Olympic gold medal on 1000m?Steven Bradbury
14.8%
Nikola Karabatic, Lubomir Vranjes, and Iker Romero are known for which sport?Handball
13.1%
Which city are both the International Olympic Committee (IOC) and Court of Arbitration for Sport (CAS) headquarted in?Lausanne
13.1%
What is the weight of a men's discus in grams?2000
13.1%
Hoàng Xuân Vinh became Vietnam's first gold medalist at Olympic Games, when winning in 2016. What is his sport?Shooting
11.5%
And which former cross-country skier is the most decorated athlete in Winter Olympics history? She won 15 medals in total.Marit Bjørgen
8.2%
Which Swedish pole vaulter set the new World Record in early 2020?Armand Duplantis
6.6%
Which Bavarian city is the home of Adidas?Herzogenaurach
4.9%
What is the name of the martial art that was developed in China in the middle of the 20th century? It is also known as Chinese Kungfu.Wushu
3.3%
Which coach has the highest winning percentage in College Football history?Larry Kehres
3.3%
Which German set a new record in early 2020 for becoming Bobsleigh World Champion six times in a row.Francesco Friedrich
1.6%
Come Together.
Have Fun.
All Virtual.
We all need to come together. Play Sporcle's virtual live trivia to have fun, connect with people, and get your trivia on. Join a live hosted trivia game for your favorite pub trivia experience done virtually. If a virtual private party is more your thing, go here for details.

You're not logged in!

Compare scores with friends on all Sporcle quizzes.
OR
Log In

Sporcle TV

Today on Sporcle TV


Watch our educational content, quiz creation guides, and fun videos on Sporcle TV.

Show Comments

Extras

Top Quizzes Today


Score Distribution

Paid Content

Your Account Isn't Verified!

In order to create a playlist on Sporcle, you need to verify the email address you used during registration. Go to your Sporcle Settings to finish the process.

Report this User

Report this user for behavior that violates our Community Guidelines.

Details: